[Event "Ch Argentina"]
[Site "Buenos Aires (Argentina)"]
[Round "5"]
[White "Rebizzo Cayetano (ARG)"]
[Black "Martinez Garcia Jose (ESP)"]
[Result "1-0"]
[WhiteElo "2265"]
[BlackElo "2165"]

1.c4 e6 2.Nf3 d5 3.g3 Nf6 4.Bg2 Be7 5.O-O O-O 6.b3 Nbd7 7.Nc3 c6 8.Bb2 b6 9.d3
Bb7 10.Qc2 c5 11.e4 dxe4 12.dxe4 a6 13.e5 Ng4 14.Ng5 Bxg5 15.Bxb7 Ra7 16.Bg2
Be7 17.Rad1 Qc7 18.Qe4 Ngxe5 19.f4 Ng6 20.h4 Nf6 21.Qe2 Bd6 22.Ne4 Nxe4
23.Bxe4 Re8 24.Qd3 Be7 25.Qf3 Bd6 26.Qd3 Be7 27.Qf3 {#r} 1-0

[Event "Memorial A.Nimzowitsch"]
[Site "Copenhagen (Denmark)"]
[Round "10"]
[White "Andersen Borge (DEN)"]
[Black "Pietzsch Wolfgang W (GDR)"]
[Result "0-1"]
[WhiteElo "2385"]
[BlackElo "2420"]

1.c4 Nf6 2.g3 e6 3.Bg2 d5 4.Nf3 Be7 5.O-O O-O 6.b3 b6 7.Bb2 Bb7 8.Qc2 c5
9.cxd5 Nxd5 10.Nc3 Nc6 11.Nxd5 Qxd5 12.Qc4 Qh5 13.Qf4 Rad8 14.d3 Rfe8 15.Rfe1
e5 16.Nxe5 Bd6 17.Qa4 Bxe5 18.Bxe5 Rxe5 19.Bxc6 Rd4 20.Qxa7 Bxc6 21.Qb8+ Re8
22.Qxb6 Rd6 23.f3 Rh6 24.h4 Qe5 {#R} 0-1

[Event "Memorial G.Maroczy"]
[Site "Budapest (Hungary)"]
[Round "2"]
[White "Haag Ervin (HUN)"]
[Black "Filip Miroslav (CZE)"]
[Result "0-1"]
[WhiteElo "2284"]
[BlackElo "2465"]

1.c4 Nf6 2.g3 e6 3.Bg2 d5 4.Nf3 Be7 5.O-O O-O 6.b3 b6 7.cxd5 Nxd5 8.Bb2 Bb7
9.d4 Nd7 10.Nbd2 c5 11.Rc1 Rc8 12.dxc5 Nxc5 13.Rc4 b5 14.Rg4 Bf6 15.Qa1 Qe7
16.Rxg7+ Kxg7 17.e4 Bxb2 18.Qxb2+ Nf6 19.Ne5 Rfd8 20.g4 Kf8 21.g5 Ng8 22.Ndf3
Nd3 23.Nxd3 Rxd3 24.Ne5 Rdd8 25.f4 Qc5+ 26.Kh1 Qc2 27.Qa3+ Ne7 {#R} 0-1

[Event "Ch Romania"]
[Site "Romania"]
[Round "8"]
[White "Drimer Dolfi (ROM)"]
[Black "Vaisman Volodia (FRA)"]
[Result "0-1"]
[WhiteElo "2345"]
[BlackElo "2358"]

1.g3 Nf6 2.Bg2 d5 3.Nf3 e6 4.O-O Be7 5.c4 O-O 6.Qc2 b6 7.cxd5 exd5 8.d4 Bb7
9.Bf4 Bd6 10.Nbd2 Re8 11.Rfe1 Bxf4 12.gxf4 Nbd7 13.b4 Rc8 14.Qb2 Ne4 15.Rac1
Re6 16.Nxe4 dxe4 17.Ng5 Rg6 18.Kh1 h6 19.Bxe4 Bxe4+ 20.Nxe4 Qh4 21.Qd2 Re8
22.Ng3 Nf6 23.e4 Rg4 24.Qd3 Rxf4 25.f3 Qh3 26.Rg1 Nxe4 27.Nf5 {#R} 0-1

[Event "Ch Estonia"]
[Site "Estonia"]
[Round "0"]
[White "Etruk Rein T (EST)"]
[Black "Ludolph Jaan (EST)"]
[Result "1-0"]
[WhiteElo "2398"]
[BlackElo "2245"]

1.Nf3 Nf6 2.g3 d5 3.Bg2 e6 4.c4 Be7 5.O-O O-O 6.Qc2 Nbd7 7.d3 c6 8.Nc3 b6 9.b3
Bb7 10.Bb2 Rc8 11.Rad1 Qc7 12.e4 Rfd8 13.Qe2 a6 14.d4 Nf8 15.e5 Ne8 16.h4 c5
17.cxd5 exd5 18.Ne1 cxd4 19.Nb1 f6 20.f4 fxe5 21.fxe5 Nd7 22.Nd3 Nc5 23.Qf3 h6
24.Qf7+ Kh8 25.Nf4 Bd6 26.Ng6+ Kh7 27.Qf5 {#r} 1-0

[Event "?"]
[Site "Polanica Zdroj (Poland)"]
[Round "5"]
[White "Doda Zbigniew (POL)"]
[Black "Zinn Lothar (GDR)"]
[Result "0-1"]
[WhiteElo "2345"]
[BlackElo "2400"]

1.Nf3 d5 2.g3 Nf6 3.Bg2 e6 4.O-O Be7 5.c4 dxc4 6.Na3 c5 7.Nxc4 Nc6 8.b3 O-O
9.Bb2 Nd5 10.d4 b5 11.Nce5 Nxe5 12.Nxe5 Bb7 13.dxc5 Bxc5 14.Rc1 Rc8 15.e3 f6
16.Nf3 Nxe3 17.Qxd8 Rfxd8 18.Rxc5 Nxf1 19.Rxc8 Rxc8 20.Kxf1 Rc2 21.Bd4 Rxa2
22.Ne1 Bxg2+ 23.Nxg2 a5 24.Ke1 e5 25.Bc5 a4 26.Kd1 axb3 {#R} 0-1

[Event "It (young masters)"]
[Site "Zuerich (Switzerland)"]
[Round "0"]
[White "Janata Michael (CSR)"]
[Black "Kinnmark Ove (SWE)"]
[Result "0-1"]
[WhiteElo "2400"]
[BlackElo "2226"]

1.Nf3 Nf6 2.c4 e6 3.g3 d5 4.Bg2 Be7 5.O-O O-O 6.b3 b6 7.cxd5 exd5 8.Bb2 Re8
9.Na3 h6 10.Nc2 c5 11.d4 Be6 12.Ne5 Bd6 13.Ne3 Nbd7 14.f4 cxd4 15.Nc6 Qc8
16.Nxd4 Bg4 17.Nxd5 Bc5 18.Kh1 Bxd4 19.Qxd4 Rxe2 20.Rac1 Qf8 21.Rfe1 Rd8
22.Rxe2 Bxe2 23.Qf2 Ba6 24.h3 Nxd5 25.Bxd5 Nc5 26.Bc4 Bxc4 27.Rxc4 Rd1+ 28.Kh2
Qa8 {#R} 0-1

[Event "It"]
[Site "Kecskemet (Hungary)"]
[Round "5"]
[White "Bilek Istvan (HUN)"]
[Black "Pietzsch Wolfgang W (GDR)"]
[Result "1-0"]
[WhiteElo "2375"]
[BlackElo "2420"]

1.Nf3 d5 2.g3 Nf6 3.Bg2 e6 4.O-O Be7 5.c4 dxc4 6.Qa4+ Nbd7 7.Qxc4 a6 8.Qc2 O-O
9.Nc3 c6 10.b3 Qc7 11.Bb2 b5 12.Ne4 Nxe4 13.Qxe4 Bb7 14.Ne5 Nf6 15.Qf3 Nd5
16.d4 c5 17.Rfc1 Bd6 18.e4 Nf6 19.Qe2 Qb6 20.Nd3 Nd7 21.dxc5 Nxc5 22.Bd4 {#r}
1-0

[Event "It"]
[Site "Sarajevo (Bosnia & Herzegovina)"]
[Round "0"]
[White "Tal Mikhail N (LAT)"]
[Black "Pachman Ludek (GER)"]
[Result "1-0"]
[WhiteElo "2520"]
[BlackElo "2278"]

1.Nf3 d5 2.c4 e6 3.g3 Nf6 4.Bg2 Be7 5.O-O O-O 6.b3 c5 7.Bb2 Nc6 8.cxd5 exd5
9.d4 Ne4 10.Nbd2 Bf6 11.Nxe4 dxe4 12.Nd2 Bxd4 13.Bxd4 cxd4 14.Nxe4 Re8 15.Qd2
Bf5 16.Nc5 Qe7 17.Rac1 Rac8 18.Qf4 Bg6 19.Rfd1 b6 20.Na6 Qxe2 21.Nc7 Re7
22.Bf3 Qxd1+ 23.Rxd1 Rexc7 24.Rc1 h5 25.Kg2 {#r} 1-0

[Event "It "]
[Site "Amsterdam (Netherlands)"]
[Round "0"]
[White "Verholt Gerard (NED)"]
[Black "Enklaar Bertus F (NED)"]
[Result "0-1"]
[WhiteElo "2033"]
[BlackElo "2390"]

1.c4 e6 2.g3 d5 3.Bg2 Nf6 4.Nf3 Be7 5.O-O O-O 6.b3 b6 7.Bb2 Bb7 8.d3 c5 9.e3
Nc6 10.Qe2 Qc7 11.Nc3 Rad8 12.Rfd1 Qb8 13.cxd5 exd5 14.d4 Rfe8 15.Rac1 cxd4
16.Nxd4 Nxd4 17.Rxd4 Bc5 18.Rf4 d4 19.Na4 dxe3 20.Nxc5 Rd2 21.Qc4 Bxg2 22.Bxf6
Bd5 23.Qc3 Qxf4 24.gxf4 exf2+ 25.Kf1 Re1+ 26.Rxe1 Bg2+ 27.Kxg2 fxe1=Q+ {#R}
0-1

[Event "Ch Hungary"]
[Site "Budapest (Hungary)"]
[Round "0"]
[White "Forintos Gyozo V (HUN)"]
[Black "Farago Ivan (HUN)"]
[Result "1-0"]
[WhiteElo "2485"]
[BlackElo "2410"]

1.g3 d5 2.Bg2 Nf6 3.Nf3 e6 4.c4 Be7 5.O-O O-O 6.b3 b6 7.Bb2 Bb7 8.e3 Nbd7
9.Qe2 c5 10.d3 Qc7 11.Nc3 Rad8 12.Rfd1 e5 13.Nh4 dxc4 14.Nb5 cxd3 15.Rxd3 Qb8
16.Nf5 Rfe8 17.Bxb7 Qxb7 18.Nbd6 Bxd6 19.Nxd6 Qa6 20.Nxe8 Rxe8 21.Rad1 Nf8
22.f4 Nd5 23.R3d2 Qxe2 24.Rxe2 Nf6 25.Bxe5 Ng4 26.Bb2 Rxe3 27.Rxe3 {#r} 1-0

[Event "Olympiad"]
[Site "Skopje (Macedonia)"]
[Round "7"]
[White "Kavalek Lubomir (USA)"]
[Black "Pomar Salamanca Arturo (ESP)"]
[Result "1-0"]
[WhiteElo "2555"]
[BlackElo "2460"]

1.c4 Nf6 2.Nf3 e6 3.g3 d5 4.Bg2 Be7 5.O-O O-O 6.b3 c5 7.e3 Nc6 8.Bb2 b6 9.Qe2
Bb7 10.d3 Re8 11.Rd1 Bd6 12.Nc3 a6 13.d4 cxd4 14.Nxd4 Nxd4 15.Rxd4 Be5 16.Rd3
a5 17.Rad1 Ba6 18.e4 Qb8 19.exd5 Bxc3 20.Rxc3 Nxd5 21.Rcd3 Nb4 22.Rd7 Ra7
23.Rxa7 Qxa7 24.a3 Na2 25.Ba1 {#r} 1-0

[Event "It"]
[Site "Los Angeles (USA)"]
[Round "7"]
[White "Gheorghiu Florin (ROM)"]
[Black "Lengyel Laszlo (HUN)"]
[Result "1-0"]
[WhiteElo "2540"]
[BlackElo "2037"]

1.Nf3 d5 2.c4 e6 3.g3 Nf6 4.Bg2 Be7 5.O-O O-O 6.b3 b6 7.Bb2 Bb7 8.cxd5 Nxd5
9.d4 Nd7 10.Nbd2 c5 11.Rc1 Rc8 12.Nc4 N5f6 13.e3 b5 14.Nce5 Qb6 15.dxc5 Nxc5
16.Nd4 Nce4 17.Qd3 Qd6 18.Nxb5 Qxd3 19.Nxd3 Ba6 20.a4 Nd2 21.Rxc8 Rxc8 22.Rd1
Nxb3 23.Nxa7 Rc4 24.Nc6 Bf8 25.Nde5 Rxa4 26.Rd8 h6 27.Ne7+ Kh7 28.Rxf8 Ra2
29.Nxf7 {#r} 1-0

[Event "Ch Netherlands (team)"]
[Site "Netherlands"]
[Round "3"]
[White "Hofland Leonard (NED)"]
[Black "Etmans Maarten D (NED)"]
[Result "1-0"]
[WhiteElo "2242"]
[BlackElo "2026"]

1.c4 e6 2.g3 Nf6 3.Bg2 d5 4.Nf3 Be7 5.O-O O-O 6.b3 c5 7.d3 Nc6 8.Nbd2 a6 9.Bb2
d4 10.a3 e5 11.Qc2 Nh5 12.e3 f5 13.exd4 exd4 14.Rfe1 Bf6 15.b4 cxb4 16.axb4
Nxb4 17.Qb3 Nc6 18.c5+ Kh8 19.Nc4 Qc7 20.Nd6 g5 21.Re8 Rxe8 22.Nxe8 Qd8 23.Re1
Bd7 24.Nxf6 Qxf6 25.Nxd4 Nxd4 26.Qb4 Ng7 27.Bxd4 Qd8 28.Qc3 {#r} 1-0

[Event "It"]
[Site "Zalaegerszeg (Hungary)"]
[Round "0"]
[White "Szekely Peter (HUN)"]
[Black "Deze Anton (YUG)"]
[Result "1-0"]
[WhiteElo "2408"]
[BlackElo "2405"]

1.Nf3 d5 2.g3 Nf6 3.Bg2 e6 4.O-O Be7 5.c4 dxc4 6.Qa4+ Bd7 7.Qxc4 Nc6 8.d4 Rc8
9.Nc3 Na5 10.Qd3 c5 11.dxc5 Bxc5 12.Ne5 Nc6 13.Nxd7 Qxd7 14.Qb5 b6 15.Rd1 Qb7
16.Na4 Be7 17.Bg5 O-O 18.Bxf6 Bxf6 19.Rd6 a6 20.Qxb6 Qxb6 21.Nxb6 {#r} 1-0

[Event "Ch URS (1 liga)"]
[Site "Baku (Azerbaijan)"]
[Round "12"]
[White "Petrosian Arshak B (ARM)"]
[Black "Kuzmin Gennadi P (UKR)"]
[Result "0-1"]
[WhiteElo "2345"]
[BlackElo "2550"]

1.Nf3 Nf6 2.c4 e6 3.g3 d5 4.Bg2 Be7 5.O-O O-O 6.b3 b6 7.Bb2 Bb7 8.e3 c5 9.Nc3
dxc4 10.bxc4 Nc6 11.Qe2 Nb4 12.d4 cxd4 13.exd4 Rc8 14.Rfd1 Re8 15.a3 Nc6 16.d5
exd5 17.Nxd5 Nxd5 18.cxd5 Na5 {#R} 0-1

[Event "It (open) "]
[Site "London (England)"]
[Round "1"]
[White "Webb Simon (ENG)"]
[Black "Lambert Glenn E J (ENG)"]
[Result "1-0"]
[WhiteElo "2430"]
[BlackElo "2295"]

1.c4 e6 2.g3 d5 3.Bg2 Nf6 4.Nf3 Be7 5.O-O O-O 6.b3 c5 7.e3 Nc6 8.Bb2 dxc4
9.bxc4 Qd3 10.Qb3 Rd8 11.Rd1 Ng4 12.h3 Bf6 13.Nc3 Nge5 14.Nxe5 Nxe5 15.Ne4 Qe2
16.f4 Nf3+ 17.Kh1 Rd3 18.Qb5 Be7 19.Nc3 Qf2 20.Rf1 {#r} 1-0

[Event "Ch World (juniors) (under 20)"]
[Site "Graz (Austria)"]
[Round "6"]
[White "Mateu Palau Xavier (ESP)"]
[Black "West Guy (AUS)"]
[Result "1-0"]
[WhiteElo "2375"]
[BlackElo "2317"]

1.c4 e6 2.g3 d5 3.Bg2 Nf6 4.Nf3 Be7 5.O-O O-O 6.b3 b6 7.Bb2 Bb7 8.d3 c5 9.e3
Nc6 10.Qe2 Qc7 11.Nc3 dxc4 12.bxc4 Nd7 13.Nb5 Qb8 14.d4 a6 15.Nc3 Qc7 16.d5
Na7 17.Rad1 b5 18.cxb5 axb5 19.dxe6 fxe6 20.Nxb5 Nxb5 21.Qxb5 Bc6 22.Qc4 Bd5
23.Rxd5 exd5 24.Qxd5+ Kh8 25.Ng5 Bxg5 26.Qxg5 Nb6 27.Be5 Qd7 28.Qh6 Nd5
29.Bxd5 {#r} 1-0

[Event "It (cat.10)"]
[Site "Baku (Azerbaijan)"]
[Round "0"]
[White "Magerramov Elmar (AZE)"]
[Black "Zaitsev Igor A (RUS)"]
[Result "1-0"]
[WhiteElo "2435"]
[BlackElo "2490"]

1.Nf3 Nf6 2.c4 e6 3.g3 d5 4.Bg2 Be7 5.O-O O-O 6.b3 Nbd7 7.Bb2 c6 8.Qc2 b6 9.d4
Bb7 10.Nc3 Re8 11.e4 dxe4 12.Nxe4 c5 13.Nxf6+ Bxf6 14.Rad1 Qc7 15.dxc5 bxc5
16.Rd2 Rad8 17.Rfd1 Bxf3 18.Bxf3 Bxb2 19.Qxb2 Ne5 20.Bg2 f6 21.h3 Nf7 22.Qa3
Rxd2 23.Rxd2 Rd8 24.Rxd8+ Nxd8 25.b4 cxb4 26.Qxb4 f5 27.c5 Kf7 28.c6 Ke8
29.Qc4 Kf7 30.Qf4 {#r} 1-0

[Event "It (open)"]
[Site "Manchester (England)"]
[Round "1"]
[White "Rind Bruce (USA)"]
[Black "Botterill George S (WLS)"]
[Result "1-0"]
[WhiteElo "2395"]
[BlackElo "2360"]

1.c4 e6 2.g3 Nf6 3.Bg2 d5 4.Nf3 Be7 5.O-O O-O 6.b3 c5 7.Bb2 Nc6 8.cxd5 Nxd5
9.Nc3 Nc7 10.Rc1 Na6 11.Na4 Ncb4 12.a3 Nd5 13.d4 cxd4 14.Qxd4 Bf6 15.Ne5 Qe7
16.Nc3 Nac7 17.Ne4 Bxe5 18.Qxe5 Ne8 19.Rfd1 f6 20.Qd4 Nb6 21.Nc5 e5 22.Qb4 Rf7
23.a4 Nc7 24.Ba3 Be6 25.a5 Nbd5 26.Qxb7 Re8 27.Nxe6 Qxe6 28.Bxd5 {#r} 1-0

[Event "Ch DDR (w)"]
[Site "Furstenwalde (Germany)"]
[Round "12"]
[White "Seidemann Ulricke (GER)"]
[Black "Broeder Iris (GER)"]
[Result "0-1"]
[WhiteElo "2067"]
[BlackElo "2025"]

1.c4 e6 2.Nf3 Nf6 3.g3 d5 4.Bg2 Be7 5.O-O O-O 6.b3 c5 7.cxd5 exd5 8.d4 Nc6
9.dxc5 Bxc5 10.Bb2 Re8 11.e3 Bg4 12.Qc1 Bb6 13.Rd1 Ne4 14.Nc3 Nxf2 15.Rxd5 Qe7
16.Rg5 Nh3+ 17.Kh1 Nxg5 18.Nd5 Qd8 19.Qc3 Ne6 20.Rd1 Bxf3 21.Bxf3 Qg5 {#R} 0-1

[Event "It (open)"]
[Site "Quebec (Canada)"]
[Round "7"]
[White "Spraggett Grant (CAN)"]
[Black "Leveille Francois (CAN)"]
[Result "1-0"]
[WhiteElo "2335"]
[BlackElo "2287"]

1.Nf3 Nf6 2.c4 e6 3.g3 d5 4.Bg2 Be7 5.O-O O-O 6.b3 c5 7.Bb2 Nc6 8.cxd5 exd5
9.d4 Re8 10.h3 Ne4 11.dxc5 Bxc5 12.e3 Be6 13.Nc3 Qa5 14.Ne2 Rad8 15.Ned4 Qc7
16.Rc1 Qd7 17.Nxc6 bxc6 18.Ne5 Qc8 19.b4 Nxg3 20.Rxc5 Nxf1 21.Qxf1 Rd6 22.b5
Bd7 23.bxc6 Bxc6 24.Qc1 Ree6 25.Bxd5 Rh6 26.Bxc6 {#r} 1-0

[Event "Ch France (team)"]
[Site "France"]
[Date "1984.06.01"]
[Round "3"]
[White "Kuligowski Adam (POL)"]
[Black "Gobet Fernand (SUI)"]
[Result "1-0"]
[WhiteElo "2415"]
[BlackElo "2360"]

1.Nf3 Nf6 2.c4 e6 3.g3 d5 4.Bg2 Be7 5.O-O O-O 6.b3 b6 7.Bb2 Bb7 8.e3 dxc4
9.bxc4 c5 10.d3 Nc6 11.e4 Qc7 12.e5 Nd7 13.Qe2 Rfd8 14.Nbd2 Nf8 15.Rfd1 Rd7
16.a3 Rad8 17.Nb3 Qb8 18.h4 Qa8 19.Ne1 h6 20.f4 a5 21.Rab1 a4 22.Nd2 Qa7
23.Bc3 Nd4 24.Bxd4 cxd4 25.Nc2 Rc8 26.Rb2 Qa5 27.Rb5 Qxb5 28.cxb5 Rxc2 29.Bxb7
Rxb7 30.Qe4 {#r} 1-0

[Event "?"]
[Site "Dortmund (Germany)"]
[Round "4"]
[White "Hermaneck Helmut (GER)"]
[Black "Krauze Dariusz (POL)"]
[Result "1-0"]
[WhiteElo "2137"]
[BlackElo "2257"]

1.c4 e6 2.Nf3 d5 3.g3 Nf6 4.Bg2 Be7 5.O-O O-O 6.b3 c5 7.Bb2 Nc6 8.d3 d4 9.e3
e5 10.exd4 exd4 11.Na3 Bf5 12.Nc2 Nd7 13.b4 Qc7 14.bxc5 Nxc5 15.Nfxd4 Nxd4
16.Nxd4 Bxd3 17.Re1 a6 18.Qg4 Bf6 19.Nb5 Qb6 20.Bxf6 Qxf6 21.Nc7 Rad8 22.Nd5
Qb2 23.Qh5 Bg6 24.Ne7+ Kh8 25.Qxc5 {#r} 1-0

[Event "Tournament"]
[Site "Athens (Greece)"]
[Round "0"]
[White "Kourkounakis Ilias (GRE)"]
[Black "Kotronias Vasilios (GRE)"]
[Result "1-0"]
[WhiteElo "2349"]
[BlackElo "2440"]

1.c4 Nf6 2.Nf3 e6 3.g3 d5 4.Bg2 Be7 5.O-O O-O 6.b3 a5 7.Nc3 d4 8.Nb5 c5 9.e3
Nc6 10.exd4 cxd4 11.Re1 Nd7 12.d3 e5 13.a3 f6 14.Nh4 Nb6 15.f4 a4 16.b4 f5
17.fxe5 Bxh4 18.gxh4 Qxh4 19.e6 f4 20.Re4 Ne7 21.Nc7 g5 22.Bb2 Nf5 23.Bxd4
Nxd4 24.Rxd4 g4 25.Re4 Rf6 26.Qe1 Qxe1+ 27.Raxe1 f3 28.Rxg4+ Kh8 29.Bxf3 Rb8
30.Rg3 {#r} 1-0

[Event "It"]
[Site "Nottingham (England)"]
[Round "6"]
[White "Burgess Mark R (SCO)"]
[Black "Richmond P (WLS)"]
[Result "1-0"]
[WhiteElo "2265"]
[BlackElo "2126"]

1.Nf3 Nf6 2.c4 e6 3.g3 d5 4.Bg2 Be7 5.O-O O-O 6.b3 c5 7.Bb2 Nc6 8.e3 b6 9.Nc3
Bb7 10.cxd5 Nxd5 11.Nxd5 Qxd5 12.d4 Rad8 13.Ne5 Qd6 14.dxc5 Qb8 15.Nxc6 Bxc6
16.Qg4 {#r} 1-0

[Event "It"]
[Site "Aarhus (Denmark)"]
[Round "1"]
[White "Knudsen Per (DEN)"]
[Black "Ochsner Thomas (DEN)"]
[Result "0-1"]
[WhiteElo "2284"]
[BlackElo "2326"]

1.Nf3 Nf6 2.g3 e6 3.Bg2 d5 4.O-O Be7 5.c4 O-O 6.b3 c6 7.Bb2 Nbd7 8.d3 b5
9.Nbd2 Qb6 10.Re1 Bb7 11.e4 bxc4 12.dxc4 dxe4 13.Ng5 e3 14.Rxe3 Rad8 15.Qc2 h6
16.Nge4 Ng4 17.Re2 f5 18.h3 fxe4 19.hxg4 e3 20.Rxe3 Bc5 21.Rxe6 Rxf2 22.Kh1
Nf8 23.Rg6 Bd4 24.c5 Qb4 25.Rf1 Qxd2 26.Qc4+ Kh7 27.Bc1 Rxf1+ 28.Qxf1 Qf2 {#R}
0-1

[Event "Simultan"]
[Site "Zuerich (Switzerland)"]
[Round "0"]
[White "Larsen Bent (DEN)"]
[Black "Schmid Barreto Walter S (GUA)"]
[Result "1-0"]
[WhiteElo "2560"]
[BlackElo "2069"]

1.Nf3 Nf6 2.g3 d5 3.Bg2 e6 4.O-O Be7 5.c4 O-O 6.b3 Bd7 7.Bb2 Bc6 8.Ne5 Nbd7
9.Nxc6 bxc6 10.d3 Rb8 11.Nc3 d4 12.Ne4 c5 13.Qd2 Rb6 14.e3 e5 15.Rae1 Nxe4
16.Bxe4 Nf6 17.Bg2 Bd6 18.e4 Re8 19.Bc1 Qd7 20.h3 Nh5 21.Qd1 Nf6 22.f4 exf4
23.gxf4 h6 24.e5 Bxe5 25.fxe5 Nh7 26.Qg4 {#r} 1-0

[Event "Regionalliga NordS"]
[Site "Germany"]
[Round "0"]
[White "Marschner Juergen (GER)"]
[Black "Hedke Fred (GER)"]
[Result "1-0"]
[WhiteElo "2290"]
[BlackElo "2325"]

1.c4 e6 2.g3 Nf6 3.Bg2 d5 4.Nf3 Be7 5.O-O O-O 6.b3 b6 7.Bb2 Bb7 8.e3 Nbd7
9.Nc3 Ne4 10.Qc2 Bf6 11.Rfd1 g6 12.Rac1 Ndc5 13.b4 Nd7 14.cxd5 exd5 15.Nxe4
dxe4 16.Bxf6 Nxf6 17.Ng5 Qd5 18.Nxe4 Nxe4 19.d3 Qb5 20.dxe4 Qxb4 21.Qxc7 Rab8
22.h4 Qa3 23.Qf4 Rbd8 24.h5 Rxd1+ 25.Rxd1 Qxa2 26.h6 Qe6 27.Rd6 Qe7 28.Rd7
{#r} 1-0

[Event "?"]
[Site "Riga (Latvia)"]
[Round "0"]
[White "Ragozin Evgeni (RUS)"]
[Black "Vyzmanavin Alexey (RUS)"]
[Result "0-1"]
[WhiteElo "2441"]
[BlackElo "2540"]

1.Nf3 Nf6 2.c4 e6 3.g3 d5 4.Bg2 Be7 5.O-O O-O 6.b3 d4 7.e3 c5 8.d3 Nc6 9.exd4
cxd4 10.Na3 e5 11.Nc2 a5 12.Re1 Nd7 13.a3 f6 14.Rb1 Nc5 15.b4 axb4 16.axb4 Na4
17.Bd2 Bf5 18.Nh4 Bxd3 19.Bd5+ Kh8 20.b5 Nb8 21.Rb3 Bxc2 22.Qxc2 Nc5 23.g4
Nxb3 24.Ng6+ hxg6 25.Qxb3 Ra3 {#R} 0-1

[Event "Olympiad"]
[Site "Salonika (Greece)"]
[Round "0"]
[White "Gouveia Carlos (BRA)"]
[Black "Maynard Francis (CRC)"]
[Result "1-0"]
[WhiteElo "2369"]
[BlackElo "2147"]

1.c4 e6 2.g3 Nf6 3.Bg2 d5 4.Nf3 Be7 5.O-O O-O 6.b3 Nbd7 7.d3 b6 8.Bb2 Bb7
9.Nbd2 c5 10.e4 dxe4 11.Ng5 Qc7 12.Ngxe4 Rad8 13.Qe2 Nxe4 14.Nxe4 Nf6 15.Rad1
Nxe4 16.Bxe4 Bxe4 17.Qxe4 Rd7 18.Qg4 g6 19.Rfe1 Re8 20.Qf3 Qd8 21.Qf4 Bd6
22.Qe3 e5 23.d4 cxd4 24.Rxd4 Re6 25.Rd5 Bc5 26.Qd2 Bd4 27.Bxd4 Rxd5 28.cxd5
{#r} 1-0

[Event "Ch Hessen (qual) (b)"]
[Site "Hessen (Germany)"]
[Round "2"]
[White "Boehm Stefan Dr (GER)"]
[Black "Schwarz Peter (GER)"]
[Result "0-1"]
[WhiteElo "2064"]
[BlackElo "2135"]

1.c4 e6 2.Nf3 d5 3.g3 Nf6 4.Bg2 Be7 5.O-O O-O 6.b3 b6 7.Bb2 Bb7 8.d3 c5 9.e3
Nc6 10.Na3 Qc7 11.Qe2 Rad8 12.Rac1 Qb8 13.Nc2 e5 14.d4 exd4 15.exd4 dxc4
16.Qxc4 Na5 17.Qe2 Rfe8 18.Ne3 Nd5 19.Qd2 Nb4 20.Bc3 cxd4 21.Nxd4 Bxg2 22.Nxg2
Bc5 23.Rcd1 Bxd4 24.Bxd4 Nac6 25.Qb2 Qd6 26.Bxg7 Qxd1 27.Nf4 Qd2 28.Qf6 Qd4
{#R} 0-1

[Event "It"]
[Site "Aarhus (Denmark)"]
[Round "7"]
[White "Pedersen Erik (DEN)"]
[Black "Brautsch Soren (DEN)"]
[Result "1-0"]
[WhiteElo "2399"]
[BlackElo "2253"]

1.c4 e6 2.Nf3 d5 3.g3 Nf6 4.Bg2 Be7 5.O-O O-O 6.b3 a6 7.d4 b5 8.cxd5 Nxd5
9.Bb2 Bb7 10.e4 Nb6 11.Nbd2 N8d7 12.Qe2 Rc8 13.a4 bxa4 14.bxa4 a5 15.Bc3 Ra8
16.Rfc1 c5 17.Nb3 Ba6 18.Qe1 cxd4 19.Nbxd4 Nc5 20.Nc6 Qe8 21.Nxe7+ Qxe7
22.Bxg7 Rfd8 23.Qe3 Kxg7 24.Rxc5 f6 25.Rh5 Rab8 26.Nd4 Bb7 27.Bh3 Rd6 28.e5
fxe5 29.Qxe5+ Kg6 30.Nf5 {#r} 1-0

[Event "It (open)"]
[Site "Benidorm (Spain)"]
[Round "0"]
[White "Corbi J"]
[Black "Diaz Joaquin C (CUB)"]
[Result "0-1"]
[WhiteElo "2200"]
[BlackElo "2302"]

1.c4 e6 2.g3 d5 3.Bg2 Nf6 4.Nf3 Be7 5.O-O O-O 6.b3 c5 7.Bb2 Nc6 8.d3 d4 9.e4
e5 10.Nbd2 a6 11.Qe2 b5 12.h3 Rb8 13.Ne1 g6 14.Kh2 Nh5 15.Bf3 Ng7 16.Ng2 h5
17.Qd1 Qd7 18.g4 Nd8 19.Be2 hxg4 20.hxg4 Nde6 21.Nf3 Qd6 22.Bc1 f5 23.Nfh4 Nf4
24.Nxf4 exf4 25.Nf3 fxg4 {#R} 0-1

[Event "It (open)"]
[Site "Muenster (Germany)"]
[Round "3"]
[White "Kruse Herbert (GER)"]
[Black "Buecker Peter (GER)"]
[Result "0-1"]
[WhiteElo "2169"]
[BlackElo "2320"]

1.Nf3 d5 2.c4 e6 3.g3 Nf6 4.Bg2 Be7 5.O-O O-O 6.b3 c6 7.Bb2 a5 8.e3 a4 9.bxa4
Nbd7 10.Nc3 dxc4 11.Qe2 Qb6 12.Rfb1 Qc5 13.Bf1 Nb6 14.Nd1 Nxa4 15.Qxc4 Qxc4
16.Bxc4 Nxb2 17.Rxb2 Nd7 18.d4 Ra5 19.Rc1 Ba3 {#R} 0-1

[Event "It (open)"]
[Site "Mendrisio (Switzerland)"]
[Round "6"]
[White "Pigusov Evgeny (RUS)"]
[Black "Kostic Vladimir (SRB)"]
[Result "1-0"]
[WhiteElo "2560"]
[BlackElo "2370"]

1.c4 Nf6 2.g3 e6 3.Bg2 d5 4.Nf3 Be7 5.O-O O-O 6.b3 Nbd7 7.d3 c6 8.Bb2 Re8
9.Nbd2 Bf8 10.d4 b6 11.Qc2 Bb7 12.e4 dxe4 13.Nxe4 Nxe4 14.Qxe4 g6 15.Rad1 Bg7
16.Bc1 Qe7 17.Bg5 Bf6 18.h4 Rad8 19.Rfe1 Ba8 20.Qf4 Bxg5 21.hxg5 Qb4 22.Re3 c5
23.d5 exd5 24.Qc7 Rc8 25.cxd5 Nb8 26.Ne5 Kg7 27.Rf3 {#r} 1-0

[Event "It (open)"]
[Site "Wiesbaden (Germany)"]
[Round "0"]
[White "Gutman Lev (GER)"]
[Black "Dittmar Peter (GER)"]
[Result "1-0"]
[WhiteElo "2443"]
[BlackElo "2286"]

1.Nf3 d5 2.g3 Nf6 3.Bg2 e6 4.O-O Be7 5.c4 c5 6.b3 O-O 7.Bb2 Nc6 8.e3 b6 9.Qe2
Bb7 10.d3 dxc4 11.bxc4 Qc7 12.Nbd2 Rad8 13.a3 Rd7 14.Rad1 Rfd8 15.Ne1 a6 16.g4
b5 17.g5 Ne8 18.f4 b4 19.a4 Nd6 20.Rf3 Na5 21.Rh3 Bxg2 22.Nxg2 g6 23.Qg4 h5
24.Rxh5 gxh5 25.Qxh5 f6 26.gxf6 {#r} 1-0

[Event "It"]
[Site "Espoo (Finland)"]
[Round "0"]
[White "Hentunen Asko (FIN)"]
[Black "Neidhardt Claus-Ulrich (GER)"]
[Result "1-0"]
[WhiteElo "2299"]
[BlackElo "2415"]

1.c4 e6 2.Nf3 Nf6 3.g3 d5 4.Bg2 Be7 5.O-O O-O 6.b3 c5 7.cxd5 exd5 8.d4 Nc6
9.Bb2 Re8 10.Nc3 Bg4 11.dxc5 Bxc5 12.h3 Be6 13.e3 Qd7 14.Kh2 Red8 15.Rc1 Qe7
16.Ne2 Bd6 17.Nfd4 Rac8 18.Qd3 Nb4 19.Qb1 g6 20.Nf4 Ne8 21.Rxc8 Rxc8 22.Bf3
Nc6 23.Ndxe6 fxe6 24.Nxg6 hxg6 25.Qxg6+ Kf8 26.Qh6+ {#r} 1-0

[Event "It (open) "]
[Site "Budapest (Hungary)"]
[Round "0"]
[White "Fancsy Imre (HUN)"]
[Black "Haldemann Paul (SUI)"]
[Result "1-0"]
[WhiteElo "2401"]
[BlackElo "2093"]

1.Nf3 Nf6 2.c4 e6 3.g3 d5 4.Bg2 Be7 5.O-O O-O 6.b3 b6 7.Bb2 Bb7 8.e3 Nbd7
9.Qe2 Bd6 10.Nc3 e5 11.Nh4 c6 12.Nf5 Bc7 13.cxd5 cxd5 14.Ba3 Re8 15.Rac1 Rc8
16.d3 a6 17.Na4 b5 18.Nc5 Nxc5 19.Bxc5 Bb8 20.b4 e4 21.dxe4 Nxe4 22.Qg4 Be5
{#r} 1-0